Szczegóły MARC21

Piłka ręczna : zestaw ćwiczeń i metodyka nauczania /

003 -Nazwa inst., której nr kontr. jest w polu 001 [,]
    • @
    • Nazwa instytucji, której n kontrolny jest w polu 001
    • NUKAT
005 -DATA I CZAS OSTATNIEJ MODYFIKACJI [,]
    • @
    • pole kontrolne
    • 20241231092230.0
040 -Instytucja sporządzająca opis [ , ]
    • a
    • Instytucja, która sporządziła opis (NP)
    • KR 122/DP
    • c
    • Instytucja, która sporządziła rekord (NP)
    • KR 122/DP
    • d
    • Instytucja, która zmodyfikowała rekord (P)
    • KR 122/MN
    • d
    • Instytucja, która zmodyfikowała rekord (P)
    • GD 88/MSz
942 -Rodzaj dokumentu [ , ]
    • c
    • Rodzaj dokumentu
    • Książka
100 -Hasło główne - nazwa osobowa [1, ]
    • a
    • Nazwa osobowa (NP)
    • Jaworski, Jerzy
    • d
    • Daty biograficzne (NP)
    • (1932-2000).
    • 9
    • KHW
    • 482419
245 -Strefa tytułu i oznaczenia odpowiedzialności [1,0]
    • a
    • Tytuł
    • Piłka ręczna : Find
    • b
    • Ciąg dalszy tytułu (NP)
    • zestaw ćwiczeń i metodyka nauczania / Find
    • c
    • Pozostałe elementy strefy tytułu i oznaczenia odpowiedzialności (NP)
    • Jerzy Jaworski, Andrzej Krawczyk, Henryk Norkowski ; Akademia Wychowania Fizycznego.
250 -Strefa wydania [ , ]
    • a
    • Oznaczenie wydania (NP)
    • Wyd. 2.
260 -Strefa adresu wydawniczego [ , ]
    • a
    • Miejsce wydania (P)
    • Warszawa :
    • b
    • Nazwa wydawcy (P)
    • Wydawnictwo AWF,
    • c
    • Data wydania (P)
    • 1982.
300 -Strefa opisu fizycznego [ , ]
    • a
    • Określenie formy książki i/lub objętość (NP)
    • 118 s. :
    • b
    • Oznaczenie ilustracji (NP)
    • il. ;
    • c
    • Format (NP)
    • 20 cm.
336 -Typ zawartości [ , ]
    • a
    • Termin opisujący typ zawartości
    • Tekst
    • b
    • Kod określający zawartość
    • txt
    • 2
    • Źródło (terminu i kodu)
    • rdacontent
337 -Typ mediów [ , ]
    • a
    • Tryb odtwarzania
    • Bez urządzenia pośredniczącego
    • b
    • Kod typu mediów
    • n
    • 2
    • Źródło (terminu i kodu)
    • rdamedia
338 -Typ/rodzaj nośnika [ , ]
    • a
    • Hasło opisujące typ nośnika
    • Wolumin
    • b
    • Kod typu nośnika
    • nc
    • 2
    • Źródło (terminu i kodu)
    • rdacarrier
490 -Strefa serii i książki wielotomowej - forma nie do wyszukiwania [1, ]
    • a
    • Tytuł (P)
    • Wydawnictwa Akademii Wychowania Fizycznego Find
830 -Hasło dodatkowe serii i opisu książki wielotomowej - tytuł ujednolicony/tytuł [ ,0]
    • a
    • Tytuł ujednolicony/tytuł (NP)
    • Wydawnictwa Akademii Wychowania Fizycznego
    • 9
    • KHW
    • 18363
504 -Uwaga dot. bibliogr. załącznikowej [ , ]
    • a
    • Uwaga dot. bibliografii załącznikowej
    • Bibliogr. s. 118.
080 -Uniwersalna Klasyfikacja Dziesiętna [ , ]
    • 2
    • Identyfikator wydania tablic
    • UDC-P058
    • a
    • Symbol klasyfikacji
    • 796.322
    • b
    • Dopowiedzenie
    • Piłka ręczna.
    • x
    • Poddział wspólny
    • (075.8)
    • b
    • Dopowiedzenie
    • Podręczniki dla szkół wyższych
    • x
    • Poddział wspólny
    • (084.1)
    • b
    • Dopowiedzenie
    • Przedstawienia obrazowe. Ilustracje.
980 -Symbol UKD [ , ]
    • a
    • UKD
    • 796.322(075.8)
700 -Hasło dodatkowe - nazwa osobowa [1, ]
    • a
    • Nazwa osobowa (NP)
    • Krawczyk, Andrzej Find
    • c
    • Dopowiedzenie inne niż daty biograficzne (NP)
    • (sport).
    • 9
    • KHW
    • 671343
700 -Hasło dodatkowe - nazwa osobowa [1, ]
    • a
    • Nazwa osobowa (NP)
    • Norkowski, Henryk. Find
    • 9
    • KHW
    • 594408
Uwagi nie widoczne w OPAC Status udost. Lokalizacja Sygnatura Data inwentaryzacji Numer inwentarzowy
retrokonwersja-3BGW.111157 W.111157
retrokonwersja-3BGW.111157 W.111158
retrokonwersja-3BGW.111157 W.111159
retrokonwersja2BGW.111157 W.111160
retrokonwersja2BGW.111157 W.111161
retrokonwersja2BGW.111157 W.111162
retrokonwersja2BGW.111157 W.111163
retrokonwersja2BGW.111157 W.111164
retrokonwersja2BGW.111157 W.111165
retrokonwersja2BGW.111157 W.111166
retrokonwersja2BGW.111157 W.111167
retrokonwersja2BGW.111157 W.111168
retrokonwersja2BGW.111157 W.111169
retrokonwersja2BGW.111157 W.111170
retrokonwersja2BGW.111157 W.111171
retrokonwersja2BGW.111157 W.111172
retrokonwersja2BGW.111157 W.111173
retrokonwersja2BM  WF.1566
retrokonwersja-3BM  WF.1565
retrokonwersja1BMPiłka ręczna 02 WF.1567
retrokonwersja-3BM  WF.1594